000 00213nam a22000857a 4500
008 170116b xxu||||| |||| 00| 0 eng d
100 _92415
_aHarison.H
245 _aHow to Play the Flute
260 _aNew Delhi
_bM B
_c2005
999 _c5453
_d5453